Reward Management: Concepts and Practices for Modern Organizations (Record no. 12571)

MARC details
000 -LEADER
fixed length control field 00434nam a22001697a 4500
003 - CONTROL NUMBER IDENTIFIER
control field OSt
008 - FIXED-LENGTH DATA ELEMENTS--GENERAL INFORMATION
fixed length control field 240427b |||||||| |||| 00| 0 eng d
020 ## - INTERNATIONAL STANDARD BOOK NUMBER
International Standard Book Number 9789355733894
082 ## - DEWEY DECIMAL CLASSIFICATION NUMBER
Classification number 658.32 CHR
100 ## - MAIN ENTRY--PERSONAL NAME
Personal name CHAKRABARTI, Diganta
245 ## - TITLE STATEMENT
Title Reward Management: Concepts and Practices for Modern Organizations
250 ## - EDITION STATEMENT
Edition statement Ist, ed.
260 ## - PUBLICATION, DISTRIBUTION, ETC. (IMPRINT)
Place of publication, distribution, etc Delhi,
Name of publisher, distributor, etc Cengage,
Date of publication, distribution, etc 2022
300 ## - PHYSICAL DESCRIPTION
Extent 275 p.
650 ## - SUBJECT ADDED ENTRY--TOPICAL TERM
Topical term or geographic name as entry element MBA
942 ## - ADDED ENTRY ELEMENTS (KOHA)
Source of classification or shelving scheme Dewey Decimal Classification
Koha item type Text Books
Holdings
Withdrawn status Lost status Source of classification or shelving scheme Damaged status Not for loan Collection code Home library Current library Date acquired Source of acquisition Cost, normal purchase price Bill Number Total Checkouts Full call number Acc. no. / Barcode Date last seen Actual Cost, discounted price Bill Date Koha item type Currency
    Dewey Decimal Classification     MBA PIET C-LIBRARY PIET C-LIBRARY 23/03/2024 Zafaa Books & Distributors 499.00 ZBD0463   658.32 CHR 36683 27/04/2024 359.28 23/03/2024 Reference Books  
    Dewey Decimal Classification     MBA PIET C-LIBRARY PIET C-LIBRARY 23/03/2024 Zafaa Books & Distributors 499.00 ZBD0463   658.32 CHR 36684 27/04/2024 359.28 23/03/2024 Text Books  
    Dewey Decimal Classification     MBA PIET C-LIBRARY PIET C-LIBRARY 23/03/2024 Zafaa Books & Distributors 499.00 ZBD0463   658.32 CHR 36685 27/04/2024 359.28 23/03/2024 Text Books  
    Dewey Decimal Classification     MBA PIET C-LIBRARY PIET C-LIBRARY 14/04/2024 Zafaa Books and Distributors 499.00 ZBD0030   658.32 CHR 37554 30/04/2024 359.28 14/04/2024 Text Books In rupees
    Dewey Decimal Classification     MBA PIET C-LIBRARY PIET C-LIBRARY 14/04/2024 Zafaa Books and Distributors 499.00 ZBD0030   658.32 CHR 37555 30/04/2024 359.28 14/04/2024 Text Books In rupees

Design & Developed by: PIET Central Library
R70 Miles Stone Pattikalyana Samalkha Panipat 132102
mail ID :- [email protected], Phone No:- 0180-2569700 Ex.216